Journal of financial and quantitative analysis
Saved in:
| Corporate Author: | |
|---|---|
| Format: | Serial |
| Language: | English |
| Published: |
[Seattle, Wash.] :
University of Washington Graduate School of Business Administration and the Wester Finance Association,
1966-
|
| Subjects: | |
| Tags: |
Add Tag
No Tags, Be the first to tag this record!
|
MARC
| LEADER | 00000cas a2200000 i 4500 | ||
|---|---|---|---|
| 001 | 1/54106 | ||
| 008 | 040510c19669999 eng | ||
| 022 | |a 00221090 | ||
| 035 | |l 10073209 | ||
| 040 | |a GR-MY-UA |b gre |e aacr | ||
| 041 | 0 | |a eng | |
| 082 | 0 | |a 332.05 | |
| 110 | 2 | |a University of Washington |b Graduate School of Business Administration and the Wester Finance Association (U.S.) | |
| 245 | 1 | 0 | |a Journal of financial and quantitative analysis |h [περιοδικό] |
| 246 | 3 | 3 | |a JFQA |
| 246 | 3 | 3 | |a J.F.Q.A. |
| 260 | |a [Seattle, Wash.] : |b University of Washington Graduate School of Business Administration and the Wester Finance Association, |c 1966- | ||
| 300 | |a τ.; |b εικ.; |c 25 εκ. | ||
| 310 | |a τριμηνιαίο, 1990- ; πέντε τεύχη το χρόνο, 1970-1990 | ||
| 650 | 0 | 0 | |a Finance |x Periodicals. |
| 650 | 0 | 0 | |a Investments |x Mathematics |x Periodicals. |
| 853 | |a INST |b SAMOS |c SER | ||
| 970 | |a Μαλαγάρη |b Φωτεινή |z 20040510 | ||